000 01058cam a2200253 i 4500
003 SA-RiAUC
005 20241106142643.0
008 241028s1985 iq g 00000 ara c
040 _aSA-RiKSU
_bara
_cSA-RiAUC
_erda
082 0 4 _a253
090 _a253
_b ب ا ن
100 1 _aبانكي، صالح الكوزة،
_d1890-1974
_eمؤلف.
245 1 0 _aتحفة الطالبين في قسم المعاملات من فقه الإمام الشافعي /
_cتأليف صالح الكوزة بانكي ؛ إعداد عبد الحكيم عثمان صالح.
264 1 _aالموصل، العراق :
_bمكتبة بسام،
_c1985
300 _a317 صفحة؛
_c24 سم.
336 _aنص
_btxt
_2rdacontent
_3كتاب
337 _aبدون وسيط
_bn
_2rdamedia
338 _aمجلد
_bnc
_2rdacarrier
650 7 _aالفقه الشافعي
_2aucsh
650 7 _aالمعاملات (فقه إسلامي)
_2aucsh
700 1 _aصالح، عبد الحكيم عثمان
_tمعد.
942 _2ddc
_cBOOK
_n0
949 _aSA-JeALM
_d241028
_umohamedma123
_n1
999 _c2124
_d2124